La dramaturgie classique (notice n° 1950426)

détails MARC
000 -LEADER
fixed length control field 01748cam a2200145 4500500
005 - DATE AND TIME OF LATEST TRANSACTION
control field 20260329031928.0
041 ## - LANGUAGE CODE
Language code of text/sound track or separate title fre
042 ## - AUTHENTICATION CODE
Authentication code dc
100 10 - MAIN ENTRY--PERSONAL NAME
Personal name Scherer, Jacques
Relator term author
245 00 - TITLE STATEMENT
Title La dramaturgie classique
260 ## - PUBLICATION, DISTRIBUTION, ETC.
Name of publisher, distributor, etc. Armand Colin,<br/>
Date of publication, distribution, etc. 2025.<br/>
520 ## - SUMMARY, ETC.
Summary, etc. Nouvelle édition revue par Colette SchererPréface de Georges ForestierApparu au milieu du XXe siècle, ce livre est immédiatement devenu le point de référence des études littéraires et théâtrales. Il constitue d’abord un manuel qui expose, avec une rare clarté, les éléments clés de la dramaturgie classique (les trois unités, les notions d’exposition, de nœud, de péripétie, d’obstacle, de vraisemblance et de bienséance…) et l’ensemble des techniques de composition du théâtre classique, de Corneille à Voltaire en passant par Racine et Molière.Mais ce livre est bien plus qu’un manuel. Jacques Scherer a proposé, chemin faisant, une réflexion novatrice sur la création dramatique. On comprend en le lisant que les grands dramaturges classiques ne sont pas des génies brimés par des «règles» et qui ont réussi en dépit d’elles&amp;#8239;; pour eux, compo ser une pièce de théâtre, c’est entrer dans un jeu dialectique entre le sujet choisi et les contraintes techniques liées au système dramatique de leur époque. En proposant un renouvellement aussi profond de la description de l’acte créateur, Jacques Scherer a contribué à transformer la manière même dont spectateurs et lecteurs interprètent les chefs-d’œuvre du théâtre classique français.
700 10 - ADDED ENTRY--PERSONAL NAME
Personal name Scherer, Colette
Relator term author
856 41 - ELECTRONIC LOCATION AND ACCESS
Uniform Resource Identifier <a href="https://shs.cairn.info/la-dramaturgie-classique--9782200641238?lang=fr&redirect-ssocas=7080">https://shs.cairn.info/la-dramaturgie-classique--9782200641238?lang=fr&redirect-ssocas=7080</a>

Pas d'exemplaire disponible.

PLUDOC

PLUDOC est la plateforme unique et centralisée de gestion des bibliothèques physiques et numériques de Guinée administré par le CEDUST. Elle est la plus grande base de données de ressources documentaires pour les Étudiants, Enseignants chercheurs et Chercheurs de Guinée.

Adresse

627 919 101/664 919 101

25 boulevard du commerce
Kaloum, Conakry, Guinée

Réseaux sociaux

Powered by Netsen Group @ 2025